Фортунатов А. /профессор/. О студентах Петровско-Разумовской Академии, желающих поехать в Козлов на бойни для присутствия при уб...

Доступно только в Электронных читальных залах Найти на картеНа карте
RUSMARC
00004546nac2a22002893x 450
00139feb445-3e3f-4962-b9d6-53211ba3a6dc
00520211209161737.0
100##$a20211120l19081908k y0rusy50 ca
1010#$arus
102##$aRU
105##$ay z |||||
1222#$ad19080224
$ad19080226
2001#$aФортунатов А. /профессор/. О студентах Петровско-Разумовской Академии, желающих поехать в Козлов на бойни для присутствия при убое скота
$j24 февраля 1908 - 26 февраля 1908
215##$a3 листа
251##$cДело
300##$aЗаголовок дела на папке: Письма профессора Фортунатова А. - Звегинцеву Ал. Ив. (О студентах Петровско-Разумовской академии, желающих поехать в Козлов на бойни, для присутствия при убое скота)
300##$aРукописный текст
330##$aВходит в раздел описи: 1. Письма к А. И. Звегинцову. 3/ Письма имущественно-хозяйственного характера
461#0$1001fc48e33c-c630-4015-85dd-2f2aab656f45
$12001
$aЗвегинцев Александр Иванович, помещик Воронежской губернии, депутат III Государственной думы, член партии "Союз 17 октября"
$1251
$cФонд
$1852
$j932
462#0$1001ddcf82e7-7bd9-4c5e-b7f1-85df8b3febb3
$12001
$aДела постоянного хранения. 1899-1913 гг.
$vД. 681
$1251
$cОпись
$1852
$j1
5171#$aПисьма профессора Фортунатова А. - Звегинцеву Ал. Ив. (О студентах Петровско-Разумовской академии, желающих поехать в Козлов на бойни, для присутствия при убое скота)
600#1$aЗвегинцев
$bА. И.
$gАлександр Иванович
600#1$aФортунатов
$bА.
60102$3RU\NLR\AUTH\66912788
$aПетровско-Разумовская сельскохозяйственная академия
801#0$aRU
$bGA_RF
801#1$aRU
$bГлавНИВЦ
$c20211120
$2rusmarc
801#2$aRU
$bПБ им. Б.Н. Ельцина
$c20211209
$gRCR
$2rusmarc
852##$aГА РФ
$j681
937##$d171360945
$hГАРФ
035##$aRuPRLIB51062259
856##$uhttp://readingroom.main.prlib.ru/item.aspx?id_node=n171360945&mode=full
Формат отображения